[Event "Alberta-ch U20"]
[Site "Edmonton"]
[Date "2016.11.19"]
[Round "1"]
[White "Zita, Matthew"]
[Black "Shi, Diwen"]
[Result "0-1"]
[WhiteElo "1686"]
[BlackElo "2293"]
[PlyCount "92"]
[EventDate "2016.11.19"]
[EventType "tourn"]
[EventRounds "5"]
[EventCountry "CAN"]
[SourceTitle "EXT 2019"]
[Source "ChessBase"]
[SourceDate "2018.10.10"]
[SourceVersion "1"]
[SourceVersionDate "2018.10.10"]
[SourceQuality "1"]

1. e4 c5 2. Nf3 g6 3. d4 cxd4 4. Nxd4 Nf6 5. Nc3 Bg7 6. f3 Nc6 7. Be3 0-0 8. Qd2 d5 9. exd5 Nxd5 10. Nxd5 Qxd5 11. Nxc6 Qxc6 12. 0-0-0 Bf5 13. Kb1 Rad8 14. Bd3 Qa4 15. Bh6 Bxd3 16. cxd3 Bxh6 17. Qxh6 Rd5 18. h4 Rfd8 19. h5 Rxd3 20. Rxd3 Rxd3 21. b3 Qa6 22. Rc1 Rd8 23. hxg6 Qd3+ 24. Ka1 hxg6 25. Qg5 Qe2 26. Qh4 Qe3 27. Kb1 Qd3+ 28. Ka1 e6 29. Qe7 Qd7 30. Qg5 Qd4+ 31. Kb1 Kg7 32. Rc7 Qd1+ 33. Kb2 Qd2+ 34. Qxd2 Rxd2+ 35. Ka3 Rxg2 36. Rxb7 Rf2 37. b4 Rxf3+ 38. Kb2 g5 39. Rxa7 g4 40. b5 g3 41. Ra4 Rf2+ 42. Kb3 f5 43. Ra7+ Kf6 44. Ra8 Rf3+ 45. Kc2 Rf4 46. a3 g2 0-1

[Event "Edmonton op 11th"]
[Site "Edmonton"]
[Date "2016.06.26"]
[Round "5"]
[White "Taranik, Alexey"]
[Black "Zita, Matthew"]
[Result "0-1"]
[WhiteElo "1806"]
[BlackElo "1638"]
[PlyCount "102"]
[EventDate "2016.06.24"]
[EventType "swiss"]
[EventRounds "5"]
[EventCountry "CAN"]
[SourceTitle "EXT 2017"]
[Source "ChessBase"]
[SourceDate "2016.10.25"]
[SourceVersion "1"]
[SourceVersionDate "2016.10.25"]
[SourceQuality "1"]

1. e4 c5 2. Nf3 d6 3. d3 Nf6 4. g3 Nc6 5. Bg2 g6 6. 0-0 Bg7 7. c3 0-0 8. h3 Rb8 9. Re1 Qc7 10. d4 Rd8 11. d5 Na5 12. Qe2 b5 13. Nbd2 Nd7 14. Nb3 Nc4 15. Nfd2 Ndb6 16. Nxc4 Nxc4 17. Nd2 Ne5 18. f4 Nd7 19. Nf3 c4 20. Nd4 Bb7 21. Nxb5 Qb6+ 22. Nd4 Bxd4+ 23. cxd4 Ba6 24. Qf2 Rdc8 25. Qe3 Qb4 26. Qc3 Rc7 27. Qxb4 Rxb4 28. Re3 Nb6 29. e5 Na4 30. Ra3 Bc8 31. exd6 exd6 32. Re3 Nxb2 33. Bxb2 Rxb2 34. Rc3 Bf5 35. Rac1 Rxa2 36. Rxc4 Rxc4 37. Rxc4 Kf8 38. Rc6 Ke7 39. Rc7+ Ke8 40. g4 Bd7 41. Kh2 a5 42. Kg3 Rd2 43. Ra7 a4 44. f5 f6 45. Ra8+ Ke7 46. Rh8 gxf5 47. Rxh7+ Kd8 48. gxf5 a3 49. Rh8+ Be8 50. Rh7 Rxd4 51. Ra7 Ra4 0-1

[Event "Edmonton op 11th"]
[Site "Edmonton"]
[Date "2016.06.25"]
[Round "3"]
[White "Zita, Matthew"]
[Black "Briones, Dante"]
[Result "0-1"]
[WhiteElo "1638"]
[BlackElo "1965"]
[PlyCount "140"]
[EventDate "2016.06.24"]
[EventType "swiss"]
[EventRounds "5"]
[EventCountry "CAN"]
[SourceTitle "EXT 2017"]
[Source "ChessBase"]
[SourceDate "2016.10.25"]
[SourceVersion "1"]
[SourceVersionDate "2016.10.25"]
[SourceQuality "1"]

1. e4 c5 2. Nf3 d6 3. d4 cxd4 4. Nxd4 Nf6 5. Nc3 a6 6. Bc4 e6 7. 0-0 Qc7 8. Bb3 Bd7 9. Be3 Nc6 10. f4 Na5 11. Rc1 b5 12. Qf3 Rc8 13. a4 b4 14. Nce2 Nc4 15. Bxc4 Qxc4 16. b3 Qc7 17. Ng3 Be7 18. Bd2 Qb6 19. Be3 Qb8 20. Qe2 Qb7 21. e5 Nd5 22. Ne4 Nxe3 23. Qxe3 d5 24. Nf2 Rc3 25. Nd3 Qa7 26. Qf2 Qb8 27. f5 exf5 28. Nxf5 Bxf5 29. Qxf5 0-0 30. Kh1 g6 31. Qf4 a5 32. Rf3 Qd8 33. Qd4 Bg5 34. Nf4 Bxf4 35. Qxf4 Rxf3 36. Qxf3 Qg5 37. Rd1 Rd8 38. Rf1 Qe7 39. g4 h6 40. Kg2 Rd7 41. Qe3 Kg7 42. Rf6 Rc7 43. Qe2 Rc5 44. Qf2 d4 45. Rf4 Qc7 46. Qxd4 Qxe5 47. Qxe5+ Rxe5 48. Rc4 h5 49. h3 Kf6 50. c3 bxc3 51. Rxc3 hxg4 52. hxg4 Kg5 53. Rc4 f5 54. Kf3 Re4 55. Rxe4 fxe4+ 56. Kxe4 Kxg4 57. Kd4 Kf4 58. Kc5 g5 59. b4 g4 60. b5 g3 61. b6 g2 62. Kb5 g1Q 63. Ka6 Qc5 64. b7 Qc7 65. Ka7 Ke4 66. Ka8 Qc6 67. Ka7 Qc7 68. Ka8 Kd5 69. b8Q Qxb8+ 70. Kxb8 Kc5 0-1